000 00632nam a2200241Ia 4500
003 OSt
005 20221005131930.0
006 a|||||r|||| 00| 0
007 ta
008 221004b |||||||| |||| 00| 0 tam d
024 _a55372
037 _cTextual
040 _aCRL
_cCRL
_btam
041 _2tam
_atam
082 _aY73(P31):1.M, 31L3
100 _aSundaranar Meenakshi Au.
_9640328
245 0 _aTamilum pira panpadun
260 _c1973
650 _a TAMIL LITERATURE
650 _aSOCIOLOGY
942 _hY73(P31):1.M, 31L3
_cTEXL
_2cc
999 _c1061871
_d1061871